| 000 | 00861cam a2200241 4500 | ||
|---|---|---|---|
| 001 | WS107650 | ||
| 008 | 000000n 000 0 eng u | ||
| 035 | _a(Sirsi) u107650 | ||
| 110 |
_aSociety of Chartered Surveyors _93030 |
||
| 245 | _aSociety of Chartered Surveyors | ||
| 520 | _aThis is the umbrella body for all chartered surveying disciplines in Eire. It includes their tender price index, latest housing market survey and a guide to house rebuilding costs. | ||
| 650 | _aEIRE | ||
| 650 | _aABOUT RICS-RICS MEMBERS | ||
| 650 | _aTENDER PRICES | ||
| 650 | _aBUILT ENVIRONMENT-BUILDING COSTS-REINSTATEMENT COSTS | ||
| 650 | _aHOUSE PRICES | ||
| 650 | _aINTERNATIONAL | ||
| 650 | _aORGANISATION | ||
| 650 | _aHOUSING MARKET | ||
| 690 | _aEUROPE | ||
| 856 | 4 | 0 |
_uhttps://www.scs.ie _zView the website free of charge at www.scs.ie... |
| 942 | _n0 | ||
| 999 |
_c119580 _d119580 |
||